000 00727nam a2200241 i 4500
001 C2-0274470
003 PPAK
005 20240416154058.0
008 060926s2006 my a|||| ||||| | may d
040 _aPPAK
_beng
_cPPAK
_erda
082 0 4 _a959.5112005
_223
090 0 0 _a959.5112005
_bPER
_dKK
090 2 0 _a959.5112005
_bPER
_dKWS
245 0 0 _aPerasmian Sambutan Jubli Emas Persatuan Sejarah Malaysia Cawangan Kedah 1956 - 2006
264 1 _aKedah :
_c2006
300 _a28 pages :
_bcolour illustrations ;
_c30 cm
336 _2rdacontent
_atext
337 _2rdamedia
_aunmediated
338 _2rdacarrier
_avolume
500 _aBuku cenderamata
650 1 0 _aKedah - History.
942 _cB
_2ddc
999 _c82247
_d82247